Từ ngữ chỉ thởi gian trong thơ Huy Cân.

Những vấn đề lý luận xung quanh đề tài...Khảo sát và phân loại từ chỉ thời gian trong thơ Huy Cận...Ý nghĩa của từ chỉ thời gian trong thơ Huy Cận...

Đã lưu trong:
书目详细资料
主要作者: Nguyễn, Thị Thúy An
其他作者: Tạ Thị Toàn Người hướng dẫn (Cố vấn luận án)
格式: 图书
语言:Vietnamese
出版: Đại học Sư Phạm Đại học Đà Nẵng 2011
主题:
标签: 添加标签
没有标签, 成为第一个标记此记录!
Thư viện lưu trữ: Mạng thư viện Đại học Đà Nẵng
LEADER 01350nam a2200325 4500
001 000011090
003 7318
005 20120201160205.0
008 120201s2011 viesd
041 |a vie 
072 |a Khóa luận tốt nghiệp - Cử nhân văn học 
082 |a 808.1  |b NG-A 
100 1 |a Nguyễn, Thị Thúy An 
245 1 |a Từ ngữ chỉ thởi gian trong thơ Huy Cân.  |c Nguyễn, Thị Thúy An 
260 |a Đại học Sư Phạm  |b Đại học Đà Nẵng  |c 2011 
300 |a 66 tr.  |c 29 cm.  |e Chân dung 
500 |a Khóa luận tốt nghiệp 
520 |a Những vấn đề lý luận xung quanh đề tài...Khảo sát và phân loại từ chỉ thời gian trong thơ Huy Cận...Ý nghĩa của từ chỉ thời gian trong thơ Huy Cận... 
653 |a Huy Cận 
700 |a Tạ Thị Toàn  |c Người hướng dẫn  |e Th.S 
OWN |a LSP 
AVA |a UDN50  |b LSP  |d 808.1 NG-A  |e available  |t Error 5001 Not defined in file expand_doc_bib_avail.  |f 1  |g 0  |h N  |i 0  |k 1 
999 |a From the UDN01 
AVA |a UDN50  |b LSP  |d 808.1 NG-A  |e available  |t Error 5001 Not defined in file expand_doc_bib_avail.  |f 1  |g 0  |h N  |i 0  |k 1 
TYP |a Monograph 
TYP |a Printed language 
980 |a Mạng thư viện Đại học Đà Nẵng